آ د ھی عو ر ت پو ر ی عو ر ت (Record no. 169734)

MARC details
000 -LEADER
fixed length control field 00675nam a22001937a 4500
005 - DATE AND TIME OF LATEST TRANSACTION
control field 20191202122400.0
010 ## - LCCN (DPL NO)
LC control number UR-10643
020 ## - INTERNATIONAL STANDARD BOOK NUMBER
Terms of availability 200.00
International Standard Book Number 9789389358803
035 ## - SYSTEM CONTROL NUMBER
System control number U-9198
037 ## - SOURCE OF ACQUISITION
Source of stock number/acquisition DBAD/PUB
Stock number -
082 ## - DEWEY DECIMAL CLASSIFICATION NUMBER
Classification number ک
100 ## - MAIN ENTRY--PERSONAL NAME
Personal name کيپٹن ز ين العا بد ين
245 ## - TITLE STATEMENT
Title آ د ھی عو ر ت پو ر ی عو ر ت
Statement of responsibility, etc کيپٹن ز ين العا بد ين
246 ## - VARYING FORM OF TITLE
Remainder of title Aadhi Aurat Poori Aurat (Urdu)
Title proper/short title by Capt.Zainul Abedeen
260 ## - PUBLICATION, DISTRIBUTION, ETC. (IMPRINT)
Place of publication, distribution, etc Delhi
Name of publisher, distributor, etc Educational Publishing House
Date of publication, distribution, etc 2019 ء
270 ## - ADDRESS
Address 3191,Vakil Street, Kucha Pandit,Lal Kuan,
City Delhi
Postal code 110006
Telephone number 01123216162
Fax number -
300 ## - PHYSICAL DESCRIPTION
Extent 111 ص
Dimensions 22 Cm(Hb)
942 ## - ADDED ENTRY ELEMENTS (KOHA)
Source of classification or shelving scheme Dewey Decimal Classification
Item type Urdu Bks
Classification part ن
Call number suffix ز ي ن
Holdings
Withdrawn status Lost status Not for loan Collection code Home library Current library Date acquired Source of acquisition Cost, normal purchase price Full call number Barcode Copy number Cost, replacement price Koha item type
    Not For Loan Fiction D.B.Act.Division D.B.Act.Division 02/12/2019 DBAD/PUB 200.00 ن ز ي ن U-9198 1 200.00 Urdu Bks

© Delhi Public Library
Hit Counter
free hit counter